000 00531nam a2200157 i 4500
001 69544
003 ES-MaACL
005 20230906170538.0
007 t|
008 040707s1956 sp ||||1| spa d
100 1 _aGarcía y Domínguez, Ulpiano R.
_955428
245 1 0 _aCompendio de Derecho disciplinario español
_b: los expendientes de corrección disciplinaria /
_cUlpiano R. García y Domínguez.
260 _aMadrid :
_b[s.n.,
_c1956] (
_fImp. Murillo)
300 _a124 p. ;
_c22 cm.
852 _aES-MaACL
_jC-10316
_bR.38539
999 _c69544
_d69544